00685nam a2200169 a 4500008004100000050001800041100002200059245008400081260004000165300002200205350000900227650003600236650001300272995008700285999001700372952012600389120416s1979 ||||||||||||||||| || u aHD 4140.5 Maz aMazzolini, Renato10aGovernment controlled enterprises: international strategic and policy decisions aNew YorkbJohn Wiley and Sonsc1979 axxiv, 400p : ill. a0.00 0aGOVERNMENT BUSINESS ENTERPRISES 0aBUSINESS D0.00FCBU-MAIN LIBRARY (Kitwe)H1I0.00M1UAVAILABLEZAnnex Low-Usage Collection  c44844d44844 00102lcc4070a001b001cAnnex Low-Usage Collection d2022-11-30l0oHD 4140.5 Mazp004176r2022-11-30w2022-11-30y002